M-1グランプリ 高得点をつけられたコンビ - Statistics

General Stats
  • This quiz has been taken 102 times
  • The average score is 73 of 100
Answer Stats
出場年 審査員 点数 コンビ名 % Correct
2019 ナイツ塙 99 ミルクボーイ
96%
2019 上沼恵美子 98 ミルクボーイ
96%
2019 オール巨人 97 ミルクボーイ
96%
2019 立川志らく 97 ミルクボーイ
96%
2019 富澤たけし 97 ミルクボーイ
96%
2019 松本人志 97 ミルクボーイ
96%
2019 中川家・礼二 96 ミルクボーイ
96%
2009 島田紳助 100 笑い飯
93%
2003 島田紳助 99 笑い飯
93%
2009 中田カウス 98 笑い飯
93%
2009 上沼恵美子 98 笑い飯
93%
2010 南原清隆 98 笑い飯
93%
2010 大竹一樹 97 笑い飯
93%
2010 中田カウス 96 笑い飯
93%
2010 松本人志 96 笑い飯
93%
2010 島田紳助 96 笑い飯
93%
2024 海原ともこ 97 令和ロマン
92%
2024 博多大吉 96 令和ロマン
92%
2024 石田明 96 令和ロマン
92%
2021 中川家礼二 96 錦鯉
87%
2007 島田紳助 98 サンドウィッチマン
84%
2018 ナイツ塙 98 霜降り明星
83%
2018 上沼恵美子 97 霜降り明星
83%
2018 中川家・礼二 96 霜降り明星
83%
2006 島田洋七 98 チュートリアル
79%
2018 上沼恵美子 98 和牛
79%
2006 中田カウス 97 チュートリアル
79%
2006 島田紳助 97 チュートリアル
79%
2019 ナイツ塙 96 和牛
79%
2019 立川志らく 96 和牛
79%
2020 中川家・礼二 96 マヂカルラブリー
79%
2003 中田カウス 98 フットボールアワー
78%
2003 島田紳助 98 フットボールアワー
78%
2002 中田カウス 97 フットボールアワー
78%
2002 島田洋七 97 フットボールアワー
78%
2003 松本人志 97 フットボールアワー
78%
2024 博多大吉 97 真空ジェシカ
78%
2006 中田カウス 96 フットボールアワー
78%
2016 オール巨人 96 銀シャリ
78%
2009 上沼恵美子 98 パンクブーブー
76%
2010 宮迫博之 98 パンクブーブー
76%
2004 中田カウス 97 アンタッチャブル
76%
2004 島田洋七 97 アンタッチャブル
76%
2004 西川きよし 97 アンタッチャブル
76%
2009 中田カウス 97 パンクブーブー
76%
2010 松本人志 97 パンクブーブー
76%
2010 島田紳助 97 パンクブーブー
76%
2024 石田明 97 バッテリィズ
76%
2024 海原ともこ 97 バッテリィズ
76%
2024 中川家礼二 97 バッテリィズ
76%
2004 ラサール石井 96 アンタッチャブル
76%
2004 南原清隆 96 アンタッチャブル
76%
2010 中田カウス 96 パンクブーブー
76%
2024 柴田英嗣 96 バッテリィズ
76%
2008 中田カウス 98 オードリー
75%
2009 上沼恵美子 98 NON STYLE
74%
2022 立川志らく 98 ウエストランド
72%
2023 富澤たけし 97 ヤーレンズ
72%
2022 中川家礼二 96 ウエストランド
72%
2023 海原ともこ 96 ヤーレンズ
72%
2023 山田邦子 98 さや香
71%
2022 富澤たけし 97 さや香
71%
2022 中川家礼二 97 さや香
71%
2022 博多大吉 96 さや香
71%
2023 海原ともこ 96 さや香
71%
2018 立川志らく 99 ジャルジャル
68%
2005 中田カウス 96 ブラックマヨネーズ
68%
2006 島田洋七 96 ブラックマヨネーズ
68%
2015 徳井義実 96 ジャルジャル
68%
2015 岩尾望 96 ジャルジャル
68%
2024 石田明 96 エバース
67%
2024 中川家礼二 96 エバース
67%
2009 中田カウス 96 ナイツ
66%
2018 立川志らく 97 トム・ブラウン
62%
2002 島田洋七 96 ますだおかだ
61%
2021 立川志らく 96 ランジャタイ
61%
2019 上沼恵美子 96 ぺこぱ
57%
2021 立川志らく 96 オズワルド
57%
2021 中川家礼二 96 オズワルド
57%
2021 松本人志 96 オズワルド
57%
2010 松本人志 96 スリムクラブ
55%
2021 上沼恵美子 96 ロングコートダディ
55%
2022 富澤たけし 96 ロングコートダディ
55%
2022 立川志らく 96 ロングコートダディ
55%
2005 中田カウス 97 麒麟
54%
2004 中田カウス 96 麒麟
54%
2020 立川志らく 96 おいでやすこが
54%
2023 富澤たけし 96 マユリカ
54%
2024 海原ともこ 96 マユリカ
54%
2021 上沼恵美子 98 ハライチ
53%
2018 上沼恵美子 98 ミキ
50%
2021 上沼恵美子 98 インディアンス
49%
2007 上沼恵美子 97 キングコング
49%
2007 島田紳助 96 キングコング
49%
2022 立川志らく 97 ヨネダ2000
49%
2022 ナイツ塙 96 ヨネダ2000
49%
2007 島田紳助 96 トータルテンボス
47%
2022 中川家礼二 96 男性ブランコ
41%
2022 松本人志 96 男性ブランコ
41%
2021 立川志らく 96 もも
38%
No matching quizzes found
Score Distribution
Percent of People with Each Score
Percentile by Number Answered
Your Score History
You have not taken this quiz